000 00909nam a2200289Ia 4500
003 OSt
005 20220918171140.0
006 a|||||r|||| 00| 0
007 ta
008 220917b |||||||| |||| 00| 0 eng d
020 _a9781403933386 (pbk)
_c1087.58
024 _a234,493
037 _b2953, 05/02/2008, Bharat Scientific Syndicate
_cTextual
040 _aARTS
_cARTS
_beng
041 _2eng
_aeng
082 _aV1:19(zE).N9, P6
100 _aDockrill Michael L.
_934498
245 0 _aCold war, 1945-1991
250 _a2nd
260 _aNew York
_bPalgrave Macmillan USA
_c2006
300 _axvi,188p.
_ccm.
490 _aStudies in European history
650 _aHISTORY
700 _a Hopkins Michael F.
_934499
942 _hV1:19(zE).N9, P6
_cTEXL
_2CC
999 _c138107
_d138107